| 000 | 00477nam a2200157 4500 | ||
|---|---|---|---|
| 020 | _a0256015031 | ||
| 040 | _cDLC | ||
| 082 | 0 | 0 | _a657 IRW 1974 A110 Or. |
| 100 | 1 | _aBernstein, Leopold A. | |
| 245 | 1 | 0 | _aFinancial statement analysis: theory, application, and interpretation |
| 260 |
_aHomewood, Ill., _bR. D. Irwin, _c1974. |
||
| 300 |
_axix, 796 p. _billus. _c24 cm. |
||
| 490 | 0 | _aThe Willard J. Graham series in accounting | |
| 650 | 0 | _aFinancial statements. | |
| 942 | _cEK | ||
| 999 |
_c16696 _d16696 |
||